| 000 | 01536nam a22003857a 4500 | ||
|---|---|---|---|
| 003 | CHAP | ||
| 005 | 20220329143356.0 | ||
| 008 | 090126s2008 mx a r 00010 spa d | ||
| 010 | _a95700 | ||
| 011 | _a96672 | ||
| 035 | _a107328 | ||
| 040 | _cCHAP | ||
| 090 | _aTesis | ||
| 100 | 1 |
_aSory Touré, Alkhaly. _9108786 |
|
| 245 | 1 | 0 |
_aEfecto del portainjerto en el prendimiento, desarrollo, producción y variación anatómica de tejidos de conducción en tomate (Lycopersicon esculentim Mill.) _c/por Alkhalu Sory Touré |
| 260 |
_aChapingo, Méx. : _bEl autor, _c2008 |
||
| 300 |
_avi, 99 h. : _bilus. |
||
| 502 | _aTesis (Ph.D. en Ciencias en Ingeniería Agrícola y Uso Integral del Agua) -- UACH. División de Ciencias Forestales | ||
| 530 | _aTambién disponible en línea | ||
| 590 |
_aALEPH _b10 _c20130110 _lUCH01 _h1526 |
||
| 590 |
_aBATCH-UPD _b10 _c20130110 _lUCH01 _h0643 |
||
| 590 |
_aBATCH-UPD _b10 _c20130410 _lUCH01 _h0327 |
||
| 590 |
_aBATCH-UPD _b10 _c20130914 _lUCH01 _h1933 |
||
| 590 |
_aBATCH-UPD _b10 _c20140324 _lUCH01 _h1508 |
||
| 590 |
_aBATCH-UPD _b10 _c20141002 _lUCH01 _h0838 |
||
| 590 |
_aCONVERSION _b10 _c20130109 _lUCH01 _h1353 |
||
| 650 | 1 | 4 |
_aPortainjertos. _990968 |
| 650 | 1 | 4 |
_aTomate _xPropagación. _9113758 |
| 650 | 1 | 4 |
_aTomate _xRendimiento. _9113761 |
| 856 |
_3Finding aid _uhttp://10.13.5.2/tesis/107328.pdf _zTeclea aqui |
||
| 901 | _aBK | ||
| 942 | _cFOLL | ||
| 949 |
_aTesis _bBC _cTES _d33724002080678 _eTS2 _fc..2 _h48560 _i107328 _si |
||
| 949 |
_aTesis _bBC _cTES _d33724002080710 _eTS1 _h48559 _i107328 _sb |
||
| 999 |
_c95700 _d95700 |
||